The true confessions of Charlotte Doyle / (Record no. 4656)

MARC details
000 -LEADER
fixed length control field 00861nam a22002897a 4500
001 - CONTROL NUMBER
control field 4656
003 - CONTROL NUMBER IDENTIFIER
control field FISKH
005 - DATE AND TIME OF LATEST TRANSACTION
control field 20240919091704.0
008 - FIXED-LENGTH DATA ELEMENTS--GENERAL INFORMATION
fixed length control field 240919b cb ||||| |||| 00| 0 eng d
020 ## - INTERNATIONAL STANDARD BOOK NUMBER
International Standard Book Number 9780380728855
040 ## - CATALOGING SOURCE
Original cataloging agency FISKH
Language of cataloging eng
Transcribing agency FISKH
Modifying agency FISKH
050 ## - LIBRARY OF CONGRESS CALL NUMBER
Classification number PZ7.A953
082 ## - DEWEY DECIMAL CLASSIFICATION NUMBER
Edition number 808.899
100 ## - MAIN ENTRY--PERSONAL NAME
Personal name Avi
Dates associated with a name 1937-
245 ## - TITLE STATEMENT
Title The true confessions of Charlotte Doyle /
Statement of responsibility, etc. Avi
250 ## - EDITION STATEMENT
Edition statement First printing in 1992
260 ## - PUBLICATION, DISTRIBUTION, ETC.
Place of publication, distribution, etc. New York :
Name of publisher, distributor, etc. Avon Books,
Date of publication, distribution, etc. 1992.
300 ## - PHYSICAL DESCRIPTION
Extent 229 pages :
Dimensions 20cm
505 ## - FORMATTED CONTENTS NOTE
Formatted contents note R<br/>
520 ## - SUMMARY, ETC.
Summary, etc. As the lone "young lady" on a transatlantic voyage in 1832, Charlotte learns that the captain is murderous and the crew rebellious.
521 8# - TARGET AUDIENCE NOTE
Target audience note 740L<br/>
Source Lexile<br/>
521 8# - TARGET AUDIENCE NOTE
Target audience note R<br/>
Source Raz-Plus<br/>
650 ## - SUBJECT ADDED ENTRY--TOPICAL TERM
Source of heading or term Historical fiction
Topical term or geographic name entry element Sailing
650 ## - SUBJECT ADDED ENTRY--TOPICAL TERM
Source of heading or term Fiction
Topical term or geographic name entry element Adventure
942 ## - ADDED ENTRY ELEMENTS (KOHA)
Source of classification or shelving scheme Dewey Decimal Classification
Koha item type Books
Suppress in OPAC No
Holdings
Withdrawn status Lost status Source of classification or shelving scheme Damaged status Not for loan Collection Home library Current library Shelving location Date acquired Total Checkouts Full call number Barcode Date last seen Copy number Price effective from Koha item type
    Dewey Decimal Classification     Fiction Footprints International School Library Network Toul Kork Campus Footprints International School Library Network Toul Kork Campus TTP Primary Orange Bookshelves 09/19/2024   AVI 808.899 PZ7.A953 2024-2025 09/19/2024 1 09/19/2024 Books